[Event "Stay Safe Play From Home 262"]
[Site "Emanuel Lasker Arena"]
[Date "2020.06.29"]
[Round "7"]
[White "Souchov"]
[Black "Broken sword"]
[Result "0-1"]
[WhiteElo "1998"]
[BlackElo "2453"]
[Annotator "TA"]
[PlyCount "140"]
[EventDate "2020.06.29"]
[EventType "swiss (blitz)"]

{[%evp 14,139,16,25,43,10,26,32,144,110,128,67,113,54,66,35,75,0,0,-42,62,41,190,129,127,136,150,111,100,84,145,0,108,101,150,119,128,113,119,64,71,41,158,142,157,143,188,175,270,104,250,221,198,71,71,57,66,89,129,97,97,51,116,131,662,634,597,249,256,106,106,46,27,-33,-33,-33,-33,-33,-30,-181,-181,-181,-175,-1289,-175,-29960,-29961,-29961,-29959,-12820,-12797,-29980,-29981,-29981,-29982,-29984,-29985,-29986,-29986,-29986,-29987,-29987,-29988,-29992,-29989,-29992,-29990,-29991,-29989,-29994,-29993,-29993,-29992,-29992,-29991,-29993,-29991,-29991,-29992,-29994,-29993,-29993,-29992,-29992,-29993,-29996,-29997,-29999]} 1. e4 c5 2. Nf3 e6 3. d4 cxd4 4. Nxd4 a6 5. Nc3 Qc7 6. Be3 d6 7. Be2 Nf6 8. f4 Nbd7 {B84: Sicilian Scheveningen: 6 Be2 a6, lines without early Be3.} 9. g4 {Hoping for g5.} b5 10. g5 {[#]} Ng8 $146 (10... b4 $14) ({Predecessor:} 10... b4 11. gxf6 bxc3 12. fxg7 Bxg7 13. b3 Bb7 14. Bh5 Kf8 15. Bxf7 Kxf7 16. Qh5+ Ke7 17. Rg1 Bf6 18. f5 Bxe4 19. fxe6 Ne5 20. Bg5 Bxg5 21. Qxg5+ Ke8 {½-½ (21) Bonk,A (1930)-Peil,C (1902) Oberhof 2011}) 11. a3 Bb7 12. Bf3 (12. Qd2 $16) 12... Ne7 13. Qd2 (13. a4 $16) 13... Nc6 $14 14. O-O-O (14. Nde2 {keeps more tension.} Na5 15. b3 Be7 16. h4 Nc5 17. Rd1) 14... Be7 15. Nxc6 (15. Rhf1 $16) 15... Bxc6 $11 16. Rhf1 Rb8 (16... a5 $1 $15) 17. f5 $14 {Threatens to win with fxe6.} e5 (17... a5 $14) 18. Nd5 (18. f6 $18 gxf6 19. Bg4) 18... Bxd5 $16 19. Qxd5 (19. exd5 $6 a5 $14) 19... Qb7 20. Qxb7 Rxb7 21. Bg4 f6 ({Black should play} 21... Rc7) 22. g6 (22. Bh5+ $16 Kf8 23. h4) 22... h5 (22... Nc5 $11 {keeps the balance.}) 23. Be2 $36 {[%mdl 2048] White is in control.} Kd8 24. Kb1 Kc8 25. Ka2 Kb8 26. Rd3 ({Better is} 26. Bf2 $16) 26... Rc8 27. Rc3 (27. Rd2 {feels hotter.} Nc5 28. Bf3 b4 29. axb4 Rxb4 30. Re1) 27... h4 (27... Rxc3 $14 28. bxc3 Nc5) 28. Rxc8+ Kxc8 29. Rf3 Rc7 30. Kb1 Nc5 (30... d5 {was necessary.}) 31. Bd3 $2 (31. Rh3 $1 $18 {and the rest is easy.}) 31... Rd7 (31... d5 $16 {was worth a try.} 32. Rh3 Nxe4) 32. Rh3 $1 $18 d5 33. Bxc5 ({Don't take} 33. Rxh4 $6 dxe4 34. Be2 (34. Bxe4 Nxe4 35. Rxe4 Rd1+ 36. Ka2 Re1 $11) 34... Kc7 $14) (33. exd5 $18 {is more deadly.} Nxd3 34. cxd3) 33... Bxc5 $16 34. exd5 Rxd5 35. Rxh4 $18 {[%mdl 4096] Endgame KRB-KRB} Rd7 36. Rh7 Kc7 37. h4 Kd6 ({Black should try} 37... Be3 $1 $14) 38. h5 $16 Kd5 $2 {[%mdl 8192]} (38... Be3 $16) 39. h6 $18 Bf8 40. hxg7 (40. Rh8 $142 {Strongly threatening h7.} gxh6 41. Rxf8) 40... Rxg7 41. Rxg7 (41. Rh4 $18 {and White stays clearly on top.}) 41... Bxg7 {[#] KB-KB} 42. Kc1 (42. a4 $1 $16 {[%mdl 512]}) 42... e4 $14 43. Be2 (43. Bf1 $11) 43... Ke5 $15 44. Kd2 Kxf5 45. Ke3 Ke5 46. Bg4 $2 {[#]} (46. c4 $1 $11 {and White stays safe.}) 46... f5 $1 $19 {[%cal Rf5g4]} 47. Bh3 f4+ 48. Ke2 $2 (48. Kf2) 48... Kf6 $2 (48... f3+ 49. Ke1 Kf4) 49. Bg2 $2 (49. b4 $19) 49... f3+ 50. Bxf3 exf3+ 51. Kxf3 Kxg6 52. Ke4 Bxb2 {Black mates.} 53. Kd5 Bxa3 {KB-KP} 54. Kd4 Bd6 55. Kc3 Kf6 56. Kb3 Ke5 57. Kb2 Kd4 58. Ka2 Kc4 59. c3 a5 60. Kb1 Be5 61. Ka1 Bxc3+ 62. Ka2 Bb4 63. Kb1 Bc5 64. Ka2 Bb6 65. Kb1 b4 66. Ka2 a4 {[%cal Ba5a4,Ba4a3,Ba3a2][%mdl 32]} 67. Kb1 Kb3 68. Kc1 a3 69. Kb1 a2+ 70. Ka1 Bd4# {What a fight! Accuracy: White = 31%, Black = 44%.} 0-1

[Event "Stay Safe Play From Home 262"]
[Site "Emanuel Lasker Arena"]
[Date "2020.06.29"]
[Round "7"]
[White "Trotsky"]
[Black "Edmatuag"]
[Result "0-1"]
[WhiteElo "1612"]
[BlackElo "1690"]
[Annotator "NA RC"]
[PlyCount "62"]
[EventDate "2020.06.29"]
[EventType "swiss (blitz)"]

1. d4 {[%emt 0:00:01]} d5 {[%emt 0:00:02]} 2. e3 {[%emt 0:00:00]} e6 {[%emt 0:00:00]} 3. c4 {[%emt 0:00:00]} Nf6 {[%emt 0:00:00]} 4. Nc3 {[%emt 0:00:01]} Bb4 {[%emt 0:00:01]} 5. Nf3 {[%emt 0:00:01]} c6 {[%emt 0:00:01]} 6. Qc2 {[%emt 0:00:01]} Qa5 {[%emt 0:00:01]} 7. Bd2 {[%emt 0:00:02]} Nbd7 {[%emt 0:00:01]} 8. c5 {[%emt 0:00:01]} Qc7 {[%emt 0:00:03]} 9. Bd3 {[%emt 0:00:01]} Bxc3 {[%emt 0:00:01]} 10. bxc3 {[%emt 0:00:01]} O-O {[%emt 0:00:01]} 11. Ng5 {[%emt 0:00:01]} h6 {[%emt 0:00:03]} 12. h4 {[%emt 0:00:01]} e5 {[%emt 0:00:01]} 13. f3 {[%emt 0:00:01]} e4 {[%emt 0:00:01]} 14. fxe4 {[%emt 0:00:01]} Re8 {[%emt 0:00:03]} 15. O-O-O {[%emt 0:00:02]} hxg5 {[%emt 0:00:03]} 16. e5 {[%emt 0:00:02]} Ne4 {[%emt 0:00:02]} 17. Bxe4 {[%emt 0:00:02]} dxe4 {[%emt 0:00:01]} 18. Qxe4 {[%emt 0:00:01]} Nf6 {[%emt 0:00:01]} 19. Qd3 {[%emt 0:00:03]} Nh5 {[%emt 0:00:09]} 20. g4 {[%emt 0:00:03]} Ng3 {[%emt 0:00:02]} 21. Rh3 {[%emt 0:00:02]} gxh4 {[%emt 0:00:01]} 22. Rxh4 {[%emt 0:00:02]} g6 {[%emt 0:00:05]} 23. Rf1 {[%emt 0:00:08]} Qe7 {[%emt 0:00:02]} 24. Rh6 {[%emt 0:00:03]} Qg5 {[%emt 0:00:03]} 25. e4 {[%emt 0:00:02]} Qxg4 {[%emt 0:00:01]} 26. Rf6 {[%emt 0:00:04]} Qxe4 {[%emt 0:00:02]} 27. Qxg3 {[%emt 0:00:05]} Bf5 {[%emt 0:00:01]} 28. Rfxg6+ {[%emt 0:00:01]} fxg6 {[%emt 0:00:03]} 29. Rxg6+ {[%emt 0:00:01]} Bxg6 {[%emt 0:00:01]} 30. Bh6 {[%emt 0:00:03]} Kf7 {[%emt 0:00:01]} 31. Qg5 {[%emt 0:00:01]} Qc2# {[%emt 0:00:01] (Lag: Av=0.45s, max=0.7s)} 0-1

[Event "Stay Safe Play From Home 262"]
[Site "Emanuel Lasker Arena"]
[Date "2020.06.29"]
[Round "7"]
[White "Goofus3"]
[Black "Haris kollari 13"]
[Result "0-1"]
[WhiteElo "1392"]
[BlackElo "1767"]
[Annotator "NA"]
[PlyCount "76"]
[EventDate "2020.06.29"]
[EventType "swiss (blitz)"]

1. d4 {[%emt 0:00:02]} e6 {[%emt 0:00:00]} 2. Nf3 {[%emt 0:00:01]} d5 {[%emt 0:00:00]} 3. g3 {[%emt 0:00:01]} c5 {[%emt 0:00:01]} 4. Bg2 {[%emt 0:00:00]} Nc6 {[%emt 0:00:01]} 5. O-O {[%emt 0:00:02]} f5 {[%emt 0:00:01]} 6. Na3 {[%emt 0:00:00]} c4 {[%emt 0:00:01]} 7. c3 {[%emt 0:00:05]} a5 {[%emt 0:00:01]} 8. Nb5 {[%emt 0:00:01]} Nf6 {[%emt 0:00:02]} 9. Ne5 {[%emt 0:00:01]} Nxe5 {[%emt 0:00:02]} 10. dxe5 {[%emt 0:00:00]} Ne4 {[%emt 0:00:03]} 11. Bxe4 {[%emt 0:00:02]} fxe4 {[%emt 0:00:01]} 12. f3 {[%emt 0:00:02]} Bd7 {[%emt 0:00:01]} 13. fxe4 {[%emt 0:00:02]} Bxb5 {[%emt 0:00:02]} 14. exd5 {[%emt 0:00:02]} Qxd5 {[%emt 0:00:01]} 15. Qxd5 {[%emt 0:00:02]} exd5 {[%emt 0:00:01]} 16. Bf4 {[%emt 0:00:04]} Bc6 {[%emt 0:00:04]} 17. a4 {[%emt 0:00:00]} Bc5+ {[%emt 0:00:02]} 18. Kg2 {[%emt 0:00:03]} O-O {[%emt 0:00:01]} 19. Kh3 {[%emt 0:00:00]} d4 {[%emt 0:00:02]} 20. cxd4 {[%emt 0:00:01]} Bxd4 {[%emt 0:00:01]} 21. e6 {[%emt 0:00:04]} Bxb2 {[%emt 0:00:02]} 22. Bd6 {[%emt 0:00:02]} Bxa1 {[%emt 0:00:07]} 23. Rxa1 {[%emt 0:00:00]} Rfe8 {[%emt 0:00:02]} 24. Rf1 {[%emt 0:00:02]} Rxe6 {[%emt 0:00:02]} 25. Kg4 {[%emt 0:00:01]} Rxd6 {[%emt 0:00:01]} 26. Rf5 {[%emt 0:00:02]} Bd7 {[%emt 0:00:02]} 27. Kg5 {[%emt 0:00:05]} Bxf5 {[%emt 0:00:01]} 28. Kxf5 {[%emt 0:00:00]} Rad8 {[%emt 0:00:01]} 29. e4 {[%emt 0:00:00]} c3 {[%emt 0:00:01]} 30. e5 {[%emt 0:00:01]} Rd5 {[%emt 0:00:00]} 31. Ke6 {[%emt 0:00:02]} c2 {[%emt 0:00:00]} 32. h4 {[%emt 0:00:01]} c1=Q {[%emt 0:00:01]} 33. g4 {[%emt 0:00:00]} Qc6+ {[%emt 0:00:01]} 34. Kf5 {[%emt 0:00:02]} Rf8+ {[%emt 0:00:00]} 35. Ke4 {[%emt 0:00:02]} Qc4+ {[%emt 0:00:01]} 36. Ke3 {[%emt 0:00:00]} Rd3+ {[%emt 0:00:00]} 37. Ke2 {[%emt 0:00:01]} Qc2+ {[%emt 0:00:00]} 38. Ke1 {[%emt 0:00:01]} Rd1# {[%emt 0:00:00] (Lag: Av=0.47s, max=0.6s)} 0-1

[Event "Stay Safe Play From Home 262"]
[Site "Emanuel Lasker Arena"]
[Date "2020.06.29"]
[Round "8"]
[White "Uber_WING"]
[Black "Bardellosport"]
[Result "1-0"]
[WhiteElo "2497"]
[BlackElo "2024"]
[Annotator "TA"]
[PlyCount "63"]
[EventDate "2020.06.29"]
[EventType "swiss (blitz)"]

{[%evp 9,63,8,22,9,49,50,62,42,39,41,59,-11,-7,-7,50,31,37,37,487,236,358,79,68,71,67,-40,49,22,30,36,34,-113,43,55,60,39,74,50,136,44,102,89,118,43,598,635,627,606,586,594,1037,525,4902,12,23,-343]} 1. e4 g6 2. Nc3 Bg7 3. d3 e6 4. g3 d6 5. Bg2 Ne7 6. Be3 {B06: Modern Defence.} Nd7 (6... d5 $5 {[%cal Rd5d4]} 7. d4 O-O $11) 7. Qd2 h6 {[#]} 8. h4 $146 {White is slightly better.} ({Predecessor:} 8. Nge2 a6 9. a4 b6 10. O-O Bb7 11. h3 Rb8 12. Rae1 Kf8 13. f4 Kg8 14. g4 {1-0 (44) Kulesza,M (2294)-Olszynski,K (2243) Wysowa 2005}) 8... h5 9. Nge2 b6 10. e5 (10. d4 $14) 10... d5 11. d4 Bb7 (11... c5 $11) 12. O-O c5 13. Nb5 Nc8 $2 {[%mdl 8192] [#]} (13... Nf5 $14) 14. c4 (14. Bg5 $142 f6 15. exf6 Bxf6 16. Nf4) 14... a6 (14... O-O $142 15. Bg5 Ne7) 15. Nd6+ $2 (15. Bg5 $18 {and the rest is easy.} f6 16. exf6 Bxf6 17. Bxf6 Nxf6 18. Nbc3) 15... Nxd6 $16 16. exd6 O-O 17. Bh6 (17. cxd5 $14 Bxd5 18. Bxd5 exd5 19. dxc5 bxc5 20. Qxd5) 17... Qf6 (17... Nf6 $15) 18. Bxg7 (18. Bg5 $5 {[%cal Rg5f6]} Qf5 19. Rae1 $11) 18... Kxg7 19. dxc5 Nxc5 20. Nf4 (20. b4 $14 {stays ahead.} Nd7 21. Rac1 (21. cxd5 e5 $11)) 20... Ne4 $2 ({Black should try} 20... dxc4 $17 {Threatens to win with ...Rfd8.} 21. Bxb7 Nxb7) 21. Bxe4 dxe4 22. Rad1 $36 {[%mdl 2048] White has some pressure.} Rad8 23. Qb4 b5 (23... Rd7 $14) 24. cxb5 (24. c5 $16) 24... axb5 (24... Qf5 $14) 25. Qxb5 Ba8 26. Qg5 (26. d7 $16) 26... Qxb2 $2 {[%mdl 8192]} ({Black should play} 26... Qxg5 $14 27. hxg5 Bc6) 27. Nxh5+ $18 Kh7 28. Nf6+ Kg7 29. Ng4 {[#] Rb1 is the strong threat.} f5 30. Qh6+ Kf7 31. Qh7+ $2 (31. Rc1 $18 {Intending Rc7+ and mate.} Rc8 32. h5) 31... Qg7 $11 32. Nh6+ $2 {[%mdl 40960] Both players deserved the win here. Accuracy: White = 37%, Black = 26%. . Loss on time!?} (32. Ne5+ $11 Kf6 33. Qxg7+ Kxg7 34. Rc1) 1-0

[Event "Stay Safe Play From Home 262"]
[Site "Emanuel Lasker Arena"]
[Date "2020.06.29"]
[Round "8"]
[White "Broken sword"]
[Black "Hetou"]
[Result "0-1"]
[WhiteElo "2456"]
[BlackElo "2430"]
[Annotator "RC"]
[PlyCount "78"]
[EventDate "2020.06.29"]
[EventType "swiss (blitz)"]

1. d4 {[%emt 0:00:01]} e6 {[%emt 0:00:01]} 2. Nf3 {[%emt 0:00:00]} d5 {[%emt 0:00:00]} 3. c3 {[%emt 0:00:00]} Nf6 {[%emt 0:00:00]} 4. Bg5 {[%emt 0:00:00]} Be7 {[%emt 0:00:00]} 5. Nbd2 {[%emt 0:00:00]} O-O {[%emt 0:00:00]} 6. Bxf6 {[%emt 0:00:00]} Bxf6 {[%emt 0:00:01]} 7. e3 {[%emt 0:00:00]} c5 {[%emt 0:00:01]} 8. Bd3 {[%emt 0:00:00]} Nc6 {[%emt 0:00:00]} 9. Qe2 {[%emt 0:00:00]} e5 {[%emt 0:00:00]} 10. dxe5 {[%emt 0:00:01]} Nxe5 {[%emt 0:00:00]} 11. Nxe5 {[%emt 0:00:00]} Bxe5 {[%emt 0:00:00]} 12. Nf3 {[%emt 0:00:00]} Bf6 {[%emt 0:00:01]} 13. O-O {[%emt 0:00:01]} Re8 {[%emt 0:00:00]} 14. Qc2 {[%emt 0:00:00]} g6 {[%emt 0:00:01]} 15. h3 {[%emt 0:00:02]} Be6 {[%emt 0:00:01]} 16. Rfd1 {[%emt 0:00:01]} Qc8 {[%emt 0:00:00]} 17. Bf1 {[%emt 0:00:01]} Rd8 {[%emt 0:00:01]} 18. Rac1 {[%emt 0:00:01]} a6 {[%emt 0:00:00]} 19. Qd2 {[%emt 0:00:01]} Qc6 {[%emt 0:00:01]} 20. Qe1 {[%emt 0:00:00]} Rac8 {[%emt 0:00:00]} 21. Be2 {[%emt 0:00:00]} Bg7 {[%emt 0:00:01]} 22. Nd2 {[%emt 0:00:01]} h6 {[%emt 0:00:00]} 23. Bf3 {[%emt 0:00:00]} b5 {[%emt 0:00:00]} 24. b3 {[%emt 0:00:01]} a5 {[%emt 0:00:02]} 25. c4 {[%emt 0:00:01]} Qb6 {[%emt 0:00:03]} 26. cxd5 {[%emt 0:00:01]} Bxd5 {[%emt 0:00:00]} 27. Bxd5 {[%emt 0:00:00]} Rxd5 {[%emt 0:00:00]} 28. Ne4 {[%emt 0:00:00]} Rcd8 {[%emt 0:00:02]} 29. Rxd5 {[%emt 0:00:01]} Rxd5 {[%emt 0:00:00]} 30. Rd1 {[%emt 0:00:00]} Qe6 {[%emt 0:00:00]} 31. Ng3 {[%emt 0:00:04]} c4 {[%emt 0:00:01]} 32. Rxd5 {[%emt 0:00:03]} Qxd5 {[%emt 0:00:00]} 33. bxc4 {[%emt 0:00:01]} bxc4 {[%emt 0:00:01]} 34. Ne2 {[%emt 0:00:00]} Qd3 {[%emt 0:00:01]} 35. Nc1 {[%emt 0:00:05]} Qc2 {[%emt 0:00:01]} 36. Kh2 {[%emt 0:00:02]} c3 {[%emt 0:00:00]} 37. Ne2 {[%emt 0:00:01]} Qd2 {[%emt 0:00:02]} 38. Qf1 {[%emt 0:00:03]} c2 {[%emt 0:00:00]} 39. Nc1 {[%emt 0:00:00]} Qd1 {[%emt 0:00:01] Broken sword resigns (Lag: Av=0.56s, max=0.7s)} 0-1

[Event "Stay Safe Play From Home 262"]
[Site "Emanuel Lasker Arena"]
[Date "2020.06.29"]
[Round "8"]
[White "Kubas"]
[Black "Mepe_Nika"]
[Result "1/2-1/2"]
[WhiteElo "2364"]
[BlackElo "2455"]
[Annotator "TA"]
[PlyCount "48"]
[EventDate "2020.06.29"]
[EventType "swiss (blitz)"]

{[%evp 18,48,12,2,20,-12,0,-22,-33,-36,-20,-111,-78,-103,4,-46,-10,-59,-50,-54,-48,-97,-41,-37,-38,-47,-23,-80,57,10,14,-42,327]} 1. d4 d5 2. c4 c6 3. Nf3 Nf6 4. g3 Bf5 5. Bg2 e6 6. Nc3 h6 7. O-O Be7 8. Nd2 O-O 9. b3 Nbd7 10. Bb2 b6 {[#] D11: Slav Defence: 3 Nf3 sidelines and 3...Nf6 4 e3 Bg4.} 11. Kh1 $146 ({Predecessor:} 11. e4 dxe4 12. Ndxe4 Rc8 13. Qe2 Re8 14. Rfd1 Qc7 15. Qf1 Red8 16. d5 exd5 17. cxd5 cxd5 18. Nxd5 Nxd5 19. Rxd5 Bxe4 20. Bxe4 {1-0 (29) Nguyen,X (1845)-Ho,N (1275) Bac Giang 2018}) 11... Rc8 12. f3 c5 {The position is equal.} 13. e4 cxd4 14. exf5 (14. Nxd5 $11 {remains equal.} exd5 15. exf5) 14... dxc3 $17 15. Bxc3 dxc4 (15... exf5 $17 16. Qc2 dxc4 17. bxc4 Nc5) 16. Nxc4 {Black should prevent fxe6.} exf5 17. Bb2 b5 18. Ne3 g6 $1 19. f4 Nc5 (19... Qb6 $17 20. Re1 Bb4) 20. Qe2 $15 Nce4 21. Rad1 Qb6 22. Bd4 (22. Nd5 $11 Nxd5 23. Rxd5) 22... Qa5 ({Black should try} 22... Bc5 $17 23. Bxf6 Nxf6) 23. Bxe4 (23. g4 $5 {[%cal Rg4f5]} Bc5 24. gxf5 $14) 23... Nxe4 24. Nd5 ({Better is} 24. g4 $11 Bf6 25. gxf5) 24... Bc5 $2 {[%mdl 40960] Accuracy: White = 23%, Black = 54%. . An unexpected result.} (24... Rfe8 $15 {stays ahead.}) 1/2-1/2

[Event "Stay Safe Play From Home 262"]
[Site "Emanuel Lasker Arena"]
[Date "2020.06.29"]
[Round "8"]
[White "Tolka"]
[Black "Mandy"]
[Result "1-0"]
[WhiteElo "2288"]
[BlackElo "950"]
[Annotator "RC"]
[PlyCount "23"]
[EventDate "2020.06.29"]
[EventType "swiss (blitz)"]

1. e4 {[%emt 0:00:01]} c6 {[%emt 0:00:02]} 2. d4 {[%emt 0:00:02]} d5 {[%emt 0:00:01]} 3. Nc3 {[%emt 0:00:00]} f6 {[%emt 0:00:07]} 4. Nf3 {[%emt 0:00:03]} e5 {[%emt 0:00:01]} 5. exd5 {[%emt 0:00:05]} cxd5 {[%emt 0:00:08]} 6. Bb5+ {[%emt 0:00:02]} Kf7 {[%emt 0:00:05]} 7. O-O {[%emt 0:00:02]} Ne7 {[%emt 0:00:03]} 8. dxe5 {[%emt 0:00:01]} a6 {[%emt 0:00:12]} 9. Ba4 {[%emt 0:00:03]} b5 {[%emt 0:00:03]} 10. Bb3 {[%emt 0:00:01]} Bb7 {[%emt 0:00:10]} 11. exf6 {[%emt 0:00:01]} gxf6 {[%emt 0:00:04]} 12. Ne4 {[%emt 0:00:01] Zeit (Lag: Av=0.37s, max=0.5s)} 1-0

[Event "Stay Safe Play From Home 262"]
[Site "Emanuel Lasker Arena"]
[Date "2020.06.29"]
[Round "8"]
[White "BrainThinker22"]
[Black "Lazieri3"]
[Result "1-0"]
[WhiteElo "2269"]
[BlackElo "2088"]
[Annotator "NA"]
[PlyCount "149"]
[EventDate "2020.06.29"]
[EventType "swiss (blitz)"]

1. e4 {[%emt 0:00:01]} d5 {[%emt 0:00:00]} 2. exd5 {[%emt 0:00:01]} Nf6 {[%emt 0:00:01]} 3. Nf3 {[%emt 0:00:00]} Bf5 {[%emt 0:00:01]} 4. Be2 {[%emt 0:00:01]} Nxd5 {[%emt 0:00:01]} 5. O-O {[%emt 0:00:00]} e6 {[%emt 0:00:01]} 6. d4 {[%emt 0:00:01]} c6 {[%emt 0:00:01]} 7. c4 {[%emt 0:00:00]} Nf6 {[%emt 0:00:01]} 8. Nc3 {[%emt 0:00:01]} Nbd7 {[%emt 0:00:01]} 9. Bf4 {[%emt 0:00:01]} Be7 {[%emt 0:00:01]} 10. Bg3 {[%emt 0:00:01]} Ne4 {[%emt 0:00:01]} 11. Re1 {[%emt 0:00:01]} Nxc3 {[%emt 0:00:01]} 12. bxc3 {[%emt 0:00:00]} O-O {[%emt 0:00:01]} 13. Bd3 {[%emt 0:00:00]} Bxd3 {[%emt 0:00:01]} 14. Qxd3 {[%emt 0:00:00]} Nf6 {[%emt 0:00:02]} 15. Be5 {[%emt 0:00:02]} Bd6 {[%emt 0:00:02]} 16. Ng5 {[%emt 0:00:01]} Bxe5 {[%emt 0:00:09]} 17. Rxe5 {[%emt 0:00:00]} g6 {[%emt 0:00:02]} 18. Re2 {[%emt 0:00:02]} Nd7 {[%emt 0:00:03]} 19. Ne4 {[%emt 0:00:02]} Nf6 {[%emt 0:00:01]} 20. Rae1 {[%emt 0:00:02]} Nxe4 {[%emt 0:00:01]} 21. Rxe4 {[%emt 0:00:00]} Qd7 {[%emt 0:00:01]} 22. g3 {[%emt 0:00:01]} Rad8 {[%emt 0:00:01]} 23. h4 {[%emt 0:00:01]} c5 {[%emt 0:00:01]} 24. Qf3 {[%emt 0:00:03]} cxd4 {[%emt 0:00:01]} 25. cxd4 {[%emt 0:00:01]} Rc8 {[%emt 0:00:01]} 26. Qb3 {[%emt 0:00:01]} Rc7 {[%emt 0:00:01]} 27. c5 {[%emt 0:00:02]} Rfc8 {[%emt 0:00:01]} 28. a4 {[%emt 0:00:01]} b6 {[%emt 0:00:02]} 29. cxb6 {[%emt 0:00:01]} axb6 {[%emt 0:00:00]} 30. Qxb6 {[%emt 0:00:00]} Qxa4 {[%emt 0:00:02]} 31. d5 {[%emt 0:00:01]} Qa7 {[%emt 0:00:03]} 32. Qxa7 {[%emt 0:00:01]} Rxa7 {[%emt 0:00:00]} 33. dxe6 {[%emt 0:00:00]} fxe6 {[%emt 0:00:00]} 34. Rxe6 {[%emt 0:00:00]} Rf7 {[%emt 0:00:01]} 35. Re8+ {[%emt 0:00:01]} Rxe8 {[%emt 0:00:01]} 36. Rxe8+ {[%emt 0:00:00]} Kg7 {[%emt 0:00:00]} 37. Kg2 {[%emt 0:00:01]} h5 {[%emt 0:00:00]} 38. f4 {[%emt 0:00:01]} Ra7 {[%emt 0:00:00]} 39. Kf3 {[%emt 0:00:01]} Ra3+ {[%emt 0:00:00]} 40. Kf2 {[%emt 0:00:01]} Ra2+ {[%emt 0:00:01]} 41. Kg1 {[%emt 0:00:01]} Ra1+ {[%emt 0:00:01]} 42. Kg2 {[%emt 0:00:00]} Ra2+ {[%emt 0:00:00]} 43. Kh3 {[%emt 0:00:01]} Ra1 {[%emt 0:00:01]} 44. Rb8 {[%emt 0:00:02]} Kf6 {[%emt 0:00:01]} 45. Rb5 {[%emt 0:00:02]} Ra2 {[%emt 0:00:01]} 46. Rc5 {[%emt 0:00:02]} Rb2 {[%emt 0:00:01]} 47. Rc6+ {[%emt 0:00:03]} Kg7 {[%emt 0:00:01]} 48. Ra6 {[%emt 0:00:01]} Rc2 {[%emt 0:00:01]} 49. Rb6 {[%emt 0:00:01]} Ra2 {[%emt 0:00:01]} 50. Rb5 {[%emt 0:00:00]} Rc2 {[%emt 0:00:01]} 51. f5 {[%emt 0:00:01]} Kf6 {[%emt 0:00:00]} 52. fxg6 {[%emt 0:00:01]} Kxg6 {[%emt 0:00:00]} 53. Rg5+ {[%emt 0:00:00]} Kh6 {[%emt 0:00:00]} 54. Rd5 {[%emt 0:00:01]} Rb2 {[%emt 0:00:01]} 55. Rc5 {[%emt 0:00:01]} Kg7 {[%emt 0:00:00]} 56. Rc4 {[%emt 0:00:01]} Kg6 {[%emt 0:00:00]} 57. Rc5 {[%emt 0:00:01]} Ra2 {[%emt 0:00:01]} 58. g4 {[%emt 0:00:01]} Rc2 {[%emt 0:00:00]} 59. Rxh5 {[%emt 0:00:01]} Rc5 {[%emt 0:00:00]} 60. Rxc5 {[%emt 0:00:02]} Kf6 {[%emt 0:00:00]} 61. Rf5+ {[%emt 0:00:00]} Ke6 {[%emt 0:00:00]} 62. Kg3 {[%emt 0:00:00]} Ke7 {[%emt 0:00:01]} 63. Kf4 {[%emt 0:00:00]} Ke6 {[%emt 0:00:00]} 64. h5 {[%emt 0:00:00]} Kd7 {[%emt 0:00:00]} 65. g5 {[%emt 0:00:00]} Ke6 {[%emt 0:00:00]} 66. g6 {[%emt 0:00:00]} Ke7 {[%emt 0:00:00]} 67. h6 {[%emt 0:00:00]} Kd6 {[%emt 0:00:00]} 68. h7 {[%emt 0:00:00]} Ke6 {[%emt 0:00:01]} 69. g7 {[%emt 0:00:00]} Kd7 {[%emt 0:00:00]} 70. Kg5 {[%emt 0:00:00]} Kc6 {[%emt 0:00:00]} 71. g8=Q {[%emt 0:00:00]} Kc7 {[%emt 0:00:00]} 72. Qg7+ {[%emt 0:00:01]} Kb6 {[%emt 0:00:00]} 73. Qg6+ {[%emt 0:00:01]} Ka7 {[%emt 0:00:00]} 74. Rf7+ {[%emt 0:00:00]} Kb8 {[%emt 0:00:00]} 75. h8=Q# {[%emt 0:00:00] (Lag: Av=0.76s, max=2.8s)} 1-0

[Event "Stay Safe Play From Home 262"]
[Site "Emanuel Lasker Arena"]
[Date "2020.06.29"]
[Round "8"]
[White "Praveen prasad"]
[Black "Souchov"]
[Result "1-0"]
[WhiteElo "2235"]
[BlackElo "1996"]
[Annotator "TA"]
[PlyCount "55"]
[EventDate "2020.06.29"]
[EventType "swiss (blitz)"]

{[%evp 10,54,-7,-12,2,-8,9,-1,0,0,28,2,11,10,31,33,43,20,37,40,65,70,76,76,225,229,695,384,29992,29991,29994,29984,29989,29990,29991,29991,29991,29992,29992,29992,29994,29995,29996,29995,29999,29999,29999]} 1. e4 c5 2. Nf3 Nc6 3. d4 cxd4 4. Nxd4 Nf6 5. Nxc6 bxc6 6. Bd3 e5 {B33: Sicilian: Pelikan and Sveshnikov Variations.} 7. c4 Be7 8. Nc3 O-O {The position is equal.} 9. O-O Bb7 10. Bg5 {[#]} h6 $146 ({Predecessor:} 10... d6 11. Qe2 Nd7 12. Be3 Bg5 13. Rad1 Bxe3 14. Qxe3 Qe7 15. Bc2 Rfd8 16. b4 Nf8 {1-0 (50) Kirchner,T (2314)-Heidrich,M (2306) Germany 2011}) 11. Bh4 Ne8 12. Bg3 Qc7 13. Kh1 Nf6 14. f4 exf4 15. Bxf4 Bd6 {[#]} 16. Bxh6 $1 {[%mdl 512] Rxf6! is the strong threat.} Bxh2 {[#]} (16... Be5 $16) (16... gxh6 17. Rxf6) 17. Rxf6 $1 $18 {[%mdl 512]} Qg3 $2 (17... Be5) (17... gxf6 18. Qg4+) 18. Bf4 Qxg2+ $2 (18... Qh4 $18 19. Bxh2 Qxf6) 19. Kxg2 {White mates.} Bxf4 20. Rxf4 d5 21. cxd5 cxd5 22. Nxd5 Bxd5 23. exd5 Rab8 24. b3 Rfd8 25. Qh5 Rd7 26. Re1 Rbb7 27. Qh7+ Kf8 28. Qh8# {White took control after the opening. Accuracy: White = 72%, Black = 41%.} 1-0